Štát vypína e-podpis, posiela ľudí späť na úrady

Aféra prelomenia bezpečnosti čipových občianskych preukazov eID s poukázaním na ich zraniteľnosť. Štátni úradníci nie sú pripravení na krízovú sitáciu. Riešenia, ako zabrániť krádeži identity a zároveň obnoviť bezpečnosť elektronických občianskych preukazov.

Salvato in:
Dettagli Bibliografici
Autore principale: Andacký, Jozef
Altri autori: Petková, Zuzana, Makarová, Xénia
Natura: Capitolo di libro
Lingua:slovacco
Soggetti:
Tags: Aggiungi Tag
Nessun Tag, puoi essere il primo ad aggiungerne!!

MARC

LEADER 00000naa a2200000 4500
001 0237079
005 20221104112805.1
041 0 |a slo 
044 |a SK 
245 1 0 |a Štát vypína e-podpis, posiela ľudí späť na úrady  |c Jozef Andacký, Zuzana Petková, Xénia Makarová 
520 |a Aféra prelomenia bezpečnosti čipových občianskych preukazov eID s poukázaním na ich zraniteľnosť. Štátni úradníci nie sú pripravení na krízovú sitáciu. Riešenia, ako zabrániť krádeži identity a zároveň obnoviť bezpečnosť elektronických občianskych preukazov. 
610 2 0 |a ochrana údajov osobných 
610 2 0 |a služby elektronické 
610 2 0 |a bezpečnosť 
610 2 0 |a identita 
610 2 0 |a podpis elektronický 
100 1 |a Andacký, Jozef 
700 1 |a Petková, Zuzana 
700 1 |a Makarová, Xénia